[Event "GRE-ch U14"]
[Site "Rio Achaia"]
[Date "2018.07.03"]
[Round "1"]
[White "Nikolakopoulos, Dimitrios"]
[Black "Stefanou, Dimitrios"]
[Result "0-1"]
[WhiteElo "1336"]
[BlackElo "1824"]
[PlyCount "154"]
[EventDate "2018.07.03"]
[EventType "swiss"]
[EventRounds "9"]
[EventCountry "GRE"]
[SourceTitle "EXT 2019"]
[Source "ChessBase"]
[SourceDate "2018.10.10"]
[SourceVersion "1"]
[SourceVersionDate "2018.10.10"]
[SourceQuality "1"]

1. e4 e6 2. b3 d5 3. Bb2 b6 4. exd5 exd5 5. Nc3 Nf6 6. Qe2+ Be7 7. 0-0-0 0-0 8. h3 Bb7 9. d4 Re8 10. Qd2 Bb4 11. f3 a6 12. g4 Bd6 13. Bg2 b5 14. h4 c5 15. Nce2 Nc6 16. h5 cxd4 17. Nxd4 Bb4 18. Qd3 Ne5 19. Qf5 Bc8 20. Qf4 Qc7 21. Kb1 Bd6 22. Qd2 Bb7 23. g5 Nfd7 24. Nf5 f6 25. f4 Nf7 26. Bxd5 Bxd5 27. Qxd5 Nb6 28. Qg2 fxg5 29. Nxd6 Nxd6 30. Qxg5 Ne4 31. Qg2 Qb7 32. Nf3 Rad8 33. Rhg1 Rxd1+ 34. Rxd1 b4 35. Rd3 Nc3+ 36. Bxc3 bxc3 37. Rxc3 Nd5 38. Rc5 Nxf4 39. Qg4 Ne6 40. Re5 Qf7 41. Qf5 g6 42. hxg6 hxg6 43. Qxf7+ Kxf7 44. c4 Kf6 45. Re2 Rd8 46. Kc2 g5 47. Rd2 Rf8 48. Rd6 Ke7 49. Rd3 Rxf3 50. Rxf3 Nd4+ 51. Kd3 Nxf3 52. Ke3 Ne1 53. Ke4 Nc2 54. Kf5 Kd6 55. Kxg5 Nb4 56. a4 Kc5 57. Kf5 Nc6 58. Ke4 Na5 59. Kd3 Nxb3 60. Kc3 Na5 61. Kd3 Nxc4 62. Kc3 a5 63. Kb3 Kd4 64. Kc2 Nb6 65. Kb3 Kd3 66. Ka3 Kc3 67. Ka2 Nxa4 68. Ka3 Nb6 69. Ka2 Kb4 70. Kb2 a4 71. Ka2 Nd7 72. Kb2 Nc5 73. Ka2 Nd3 74. Ka1 Kb3 75. Kb1 a3 76. Ka1 Nb4 77. Kb1 a2+ 0-1

[Event "GRE-ch Schools Gymnasia-A 30th"]
[Site "Peristeri"]
[Date "2018.04.01"]
[Round "4"]
[White "Nikolakopoulos, Dimitrios"]
[Black "Fyntrilakis, Kyriakos"]
[Result "0-1"]
[WhiteElo "1380"]
[BlackElo "1689"]
[PlyCount "54"]
[EventDate "2018.04.01"]
[EventType "swiss (rapid)"]
[EventRounds "9"]
[EventCountry "GRE"]
[SourceTitle "EXT 2019"]
[Source "ChessBase"]
[SourceDate "2018.10.10"]
[SourceVersion "1"]
[SourceVersionDate "2018.10.10"]
[SourceQuality "1"]

1. e4 c5 2. Nf3 Nc6 3. Bb5 d6 4. d4 cxd4 5. Qxd4 Bd7 6. Bxc6 Bxc6 7. Nc3 h6 8. Be3 Nf6 9. 0-0-0 Qa5 10. h3 g6 11. Qd3 Bg7 12. Nd4 Nd7 13. Kb1 Nc5 14. Nxc6 bxc6 15. Bxc5 Qxc5 16. f4 Rb8 17. Ka1 0-0 18. g4 Rxb2 19. e5 Rbb8 20. Rb1 dxe5 21. Rxb8 Rxb8 22. Rb1 Rxb1+ 23. Kxb1 exf4 24. Qd8+ Kh7 25. Nd1 Qd5 26. Qxd5 cxd5 27. Kc1 e5 0-1

[Event "GRE-ch U12"]
[Site "Achaia"]
[Date "2017.07.02"]
[Round "9"]
[White "Nikolakopoulos, Dimitrios"]
[Black "Kalamoukos, Grigorios"]
[Result "1/2-1/2"]
[WhiteElo "1280"]
[BlackElo "1331"]
[PlyCount "104"]
[EventDate "2017.06.26"]
[EventType "swiss"]
[EventRounds "9"]
[EventCountry "GRE"]
[SourceTitle "EXT 2018"]
[Source "ChessBase"]
[SourceDate "2017.10.13"]
[SourceVersion "1"]
[SourceVersionDate "2017.10.13"]
[SourceQuality "1"]

1. e4 c6 2. Nf3 d5 3. Nc3 Bg4 4. h3 Bxf3 5. Qxf3 e6 6. d4 Nf6 7. exd5 cxd5 8. Bb5+ Nc6 9. Ne2 Be7 10. c3 a6 11. Bxc6+ bxc6 12. 0-0 0-0 13. Bf4 Qb6 14. Rab1 c5 15. Rfd1 c4 16. Be5 Nd7 17. Bh2 Bd6 18. Nf4 Qc7 19. Bg3 Nf6 20. Nh5 Nxh5 21. Bxd6 Qxd6 22. Qxh5 Rfb8 23. Qe5 Qxe5 24. dxe5 Rb5 25. b3 Rab8 26. b4 f6 27. a4 R5b6 28. Re1 f5 29. Red1 Kf7 30. f4 Ke7 31. Kf2 h6 32. g4 Rf8 33. Kg3 g5 34. Rd4 Rbb8 35. fxg5 hxg5 36. Rh1 f4+ 37. Kf3 Rh8 38. Rd2 Kd7 39. Rd4 Rh4 40. Rd2 Kc6 41. Kg2 Rbh8 42. Rc2 d4 43. b5+ axb5 44. axb5+ Kd5 45. cxd4 Kxd4 46. b6 Rb8 47. Rb1 Rh7 48. Rb4 Rhb7 49. Rcxc4+ Kxe5 50. Rc5+ Kf6 51. Rc6 Rd8 52. Re4 Re7 1/2-1/2

[Event "GRE-ch U12"]
[Site "Achaia"]
[Date "2017.07.01"]
[Round "8"]
[White "Christodoulou, Panormitis"]
[Black "Nikolakopoulos, Dimitrios"]
[Result "1/2-1/2"]
[WhiteElo "1454"]
[BlackElo "1280"]
[PlyCount "79"]
[EventDate "2017.06.26"]
[EventType "swiss"]
[EventRounds "9"]
[EventCountry "GRE"]
[SourceTitle "EXT 2018"]
[Source "ChessBase"]
[SourceDate "2017.10.13"]
[SourceVersion "1"]
[SourceVersionDate "2017.10.13"]
[SourceQuality "1"]

1. e4 c5 2. Nf3 Nc6 3. Bb5 g6 4. 0-0 Bg7 5. c3 Nf6 6. Qe2 0-0 7. d4 cxd4 8. cxd4 d5 9. e5 Ne4 10. Nbd2 Nxd2 11. Bxd2 Bg4 12. Bxc6 bxc6 13. h3 Bxf3 14. Qxf3 Qb6 15. Qc3 Rab8 16. b4 f6 17. exf6 Bxf6 18. Be3 Rfc8 19. Rab1 e6 20. Rfc1 Be7 21. a3 Ra8 22. a4 a5 23. b5 Rab8 24. bxc6 Qxb1 25. Rxb1 Rxb1+ 26. Kh2 Rb4 27. Bf4 Rc4 28. Qxa5 R4xc6 29. Be5 Bd6 30. f4 Bxe5 31. fxe5 Rc4 32. Qb6 R4c6 33. Qb4 Ra8 34. Qb7 Rca6 35. Qd7 R8a7 36. Qd8+ Kg7 37. Qf6+ Kg8 38. Qd8+ Kg7 39. Qf6+ Kg8 40. Qd8+ 1/2-1/2

[Event "GRE-chT 44th"]
[Site "Achaia"]
[Date "2016.07.08"]
[Round "5.7"]
[White "Nikolakopoulos, Dimitrios"]
[Black "Stefanou, Dimitrios"]
[Result "1/2-1/2"]
[WhiteElo "1226"]
[BlackElo "1304"]
[PlyCount "80"]
[EventDate "2016.07.05"]
[EventType "team-swiss"]
[EventRounds "7"]
[EventCountry "GRE"]
[SourceTitle "CBM 173 Extra"]
[Source "ChessBase"]
[SourceDate "2016.08.29"]
[SourceVersion "1"]
[SourceVersionDate "2016.08.29"]
[SourceQuality "1"]
[WhiteTeam "Heraklion CN"]
[BlackTeam "Patras Sailing"]
[WhiteTeamCountry "GRE"]
[BlackTeamCountry "GRE"]

1. e4 e6 2. d4 d5 3. Nc3 dxe4 4. Nxe4 Nd7 5. Nf3 Ngf6 6. Nxf6+ Nxf6 7. Bd3 Be7 8. Bg5 h6 9. Bh4 Bd7 10. Qe2 Bc6 11. 0-0 Nd5 12. Bxe7 Qxe7 13. Bb5 Bxb5 14. Qxb5+ c6 15. Qe2 0-0 16. Rfe1 Rfd8 17. Rad1 a5 18. c4 Nb6 19. b3 a4 20. Qb2 Qb4 21. Rb1 Ra7 22. Rec1 axb3 23. Qxb3 Qxb3 24. Rxb3 Nd7 25. h3 Rda8 26. Rcb1 b6 27. Ne5 Nxe5 28. dxe5 Rxa2 29. Rxb6 R8a6 30. c5 Kh7 31. Rxa6 Rxa6 32. Rb6 Ra1+ 33. Kh2 Rc1 34. Rxc6 Kg6 35. Rc7 Rc4 36. Kg3 Re4 37. f4 Re3+ 38. Kf2 Rc3 39. g3 Rc2+ 40. Kg1 Rc3 1/2-1/2

[Event "GRE-chT 44th"]
[Site "Achaia"]
[Date "2016.07.07"]
[Round "4.4"]
[White "Stratigos, Spiros"]
[Black "Nikolakopoulos, Dimitrios"]
[Result "1-0"]
[WhiteElo "1592"]
[BlackElo "1226"]
[PlyCount "97"]
[EventDate "2016.07.05"]
[EventType "team-swiss"]
[EventRounds "7"]
[EventCountry "GRE"]
[SourceTitle "CBM 173 Extra"]
[Source "ChessBase"]
[SourceDate "2016.08.29"]
[SourceVersion "1"]
[SourceVersionDate "2016.08.29"]
[SourceQuality "1"]
[WhiteTeam "Panionios GS"]
[BlackTeam "Heraklion CN"]
[WhiteTeamCountry "GRE"]
[BlackTeamCountry "GRE"]

1. e4 c5 2. Nf3 Nc6 3. Bb5 g6 4. 0-0 Bg7 5. Re1 Nf6 6. e5 Nd5 7. Nc3 Nc7 8. Bxc6 dxc6 9. Ne4 Ne6 10. d3 0-0 11. h3 b6 12. a4 Nd4 13. a5 Bb7 14. c3 Nxf3+ 15. Qxf3 Ba6 16. axb6 axb6 17. Ng3 Qd5 18. Qxd5 cxd5 19. d4 cxd4 20. cxd4 Bc4 21. Bg5 f6 22. Bf4 fxe5 23. Rxa8 Rxa8 24. Bxe5 Bxe5 25. Rxe5 Kf7 26. Re3 Ra1+ 27. Kh2 Rb1 28. b3 Rxb3 29. Rxb3 Bxb3 30. Ne2 Kf6 31. Nc3 e5 32. dxe5+ Kxe5 33. Kg3 d4 34. f4+ Kf5 35. Nb1 Bc2 36. Nd2 b5 37. Kf3 b4 38. g4+ Ke6 39. h4 Kd5 40. g5 b3 41. Nxb3 Bxb3 42. f5 gxf5 43. h5 Ba4 44. g6 hxg6 45. h6 d3 46. Ke3 Kc4 47. h7 f4+ 48. Kd2 f3 49. h8Q 1-0

[Event "GRE-ch U12"]
[Site "Porto Rio"]
[Date "2016.07.04"]
[Round "9"]
[White "Papidakis, Georgios"]
[Black "Nikolakopoulos, Dimitrios"]
[Result "1-0"]
[WhiteElo "1330"]
[BlackElo "1199"]
[PlyCount "25"]
[EventDate "2016.06.28"]
[EventType "swiss"]
[EventRounds "9"]
[EventCountry "GRE"]
[SourceTitle "CBM 173 Extra"]
[Source "ChessBase"]
[SourceDate "2016.08.29"]
[SourceVersion "1"]
[SourceVersionDate "2016.08.29"]
[SourceQuality "1"]

1. d4 d5 2. Bf4 Nf6 3. e3 c5 4. c3 Nc6 5. Bd3 Qb6 6. Qc1 h6 7. Nd2 Nh5 8. Ne2 Nxf4 9. Nxf4 e5 10. Nxd5 Qd8 11. e4 cxd4 12. cxd4 Nxd4 13. Nc7+ 1-0

[Event "GRE-ch U12"]
[Site "Porto Rio"]
[Date "2016.07.01"]
[Round "6"]
[White "Papagiannis, Asterios"]
[Black "Nikolakopoulos, Dimitrios"]
[Result "1-0"]
[WhiteElo "1464"]
[BlackElo "1199"]
[PlyCount "65"]
[EventDate "2016.06.28"]
[EventType "swiss"]
[EventRounds "9"]
[EventCountry "GRE"]
[SourceTitle "CBM 173 Extra"]
[Source "ChessBase"]
[SourceDate "2016.08.29"]
[SourceVersion "1"]
[SourceVersionDate "2016.08.29"]
[SourceQuality "1"]

1. e4 c5 2. Nf3 Nc6 3. Bb5 g6 4. c3 Bg7 5. 0-0 Nf6 6. Re1 0-0 7. h3 d6 8. d4 cxd4 9. cxd4 Bd7 10. Nc3 a6 11. Ba4 b5 12. Bc2 Rc8 13. Be3 Qc7 14. Rc1 Rfd8 15. Bd3 Qb8 16. Qe2 e5 17. d5 Ne7 18. Nd2 Ne8 19. Nb3 f5 20. f3 Nc7 21. Na5 Na8 22. Rc2 Nb6 23. Rec1 Rc7 24. Qf2 Na8 25. Qe2 Rdc8 26. Kh1 Nb6 27. b3 b4 28. Nd1 Rxc2 29. Rxc2 Rxc2 30. Qxc2 fxe4 31. fxe4 Bc8 32. Nc6 Nxc6 33. Qxc6 1-0

[Event "GRE-ch U10"]
[Site "Rio Achaia"]
[Date "2015.06.26"]
[Round "1.2"]
[White "Nikolakopoulos, Dimitrios"]
[Black "Kokolakis, Panagiotis"]
[Result "1-0"]
[WhiteElo "1092"]
[BlackElo "1443"]
[PlyCount "49"]
[EventDate "2015.06.26"]
[EventType "swiss"]
[EventRounds "9"]
[EventCountry "GRE"]
[SourceTitle "EXT 2024"]
[Source "ChessBase"]
[SourceDate "2023.10.10"]
[SourceVersion "1"]
[SourceVersionDate "2023.10.10"]
[SourceQuality "1"]

1. e4 e5 2. Nf3 Nc6 3. d4 exd4 4. Nxd4 Bc5 5. Nb3 Bb6 6. Nc3 Nf6 7. Qe2 0-0 8. Bg5 h6 9. Bh4 Nd4 10. Qd3 Nxb3 11. axb3 c6 12. 0-0-0 Bc7 13. f3 Re8 14. g4 b5 15. g5 Bf4+ 16. Kb1 Nh7 17. g6 Qxh4 18. gxh7+ Kxh7 19. Qe2 a5 20. Qe1 Qe7 21. Be2 b4 22. Na4 d5 23. Bd3 Kg8 24. exd5 Qb7 25. Qxe8# 1-0